Filosofía de la historia: lo propio como tierra extraña

Saved in:
Bibliografiske detaljer
Hovedforfatter: Cuartango, Román (Author)
Format: Bog
Sprog:spansk
Udgivet: Barcelona Intervencion Intercultural 2007
Serier:Montesinos; Biblioteca de Divulgación Temática, 86
Fag:
Tags: Tilføj Tag
Ingen Tags, Vær først til at tagge denne postø!

MARC

LEADER 00000nam a2200000 a 4500
001 UCI5665
003 CL-VaPUC
008 080404e20070000SP |||||||||||||||||spa|d
020 |a 9788496831414 
082 0 4 |a 901  |b CUA  |2 21 
100 0 |a Cuartango, Román  |e author  |9 528210 
245 1 0 |a Filosofía de la historia: lo propio como tierra extraña 
300 |a 239 p 
942 |c BK 
945 |d 20080404 00:00:00  |a jtorresc 
260 |a Barcelona  |b Intervencion Intercultural  |c 2007 
650 0 |a Filosofía de la historia  |9 265651 
650 0 |a Historiografía   |9 257871 
583 |a last modification  |c 20080404 00:00:00  |k Rodrigo Vera 
490 0 |a Montesinos; Biblioteca de Divulgación Temática, 86 
999 |c 329386  |d 329384 
952 |0 0  |1 0  |4 0  |6 901_000000000000000_CUA_2007  |7 0  |8 A  |9 413984  |a BIBHIS  |b BIBHIS  |d 2019-11-22  |i 4423992  |o 901 CUA 2007  |p 4423992  |r 2025-01-20  |w 2019-11-22  |y BK  |k HIS